000 00379nam a2200157Ia 4500
008 230917s9999||||xx |||||||||||||| ||und||
040 _e74455
_aMAIN
041 _aEnglish
082 _a332.024 D715P
100 _aDonaldson, Elvin F
245 0 _aPersonal finance
250 _a6th ed.
260 _aSanta Barbara
_bJohn Wiley
_c1977
300 _axii, 720 p.
942 _cBK
999 _c196699
_d196699